[Event "Hospitalet de Llobregat Ponce 11th"]
[Site "Hospitalet de Llobregat"]
[Date "2022.05.14"]
[Round "4"]
[White "Nadal Fajardo, Ricard"]
[Black "Gisbert Mir, Alejandro"]
[Result "1-0"]
[WhiteElo "1995"]
[BlackElo "1780"]
[PlyCount "67"]
[EventDate "2022.04.23"]
[EventType "swiss"]
[EventRounds "9"]
[EventCountry "ESP"]
[SourceTitle "EXT 2023"]
[Source "ChessBase"]
[SourceDate "2022.10.05"]
[SourceVersion "1"]
[SourceVersionDate "2022.10.05"]
[SourceQuality "1"]

1. d4 Nf6 2. Bg5 Ne4 3. Bf4 e5 4. dxe5 d5 5. Nd2 Qe7 6. f3 g5 7. Be3 Nc5 8. Nb3 Nxb3 9. axb3 c6 10. Qd2 Bg7 11. Rxa7 Rxa7 12. Bxa7 Nd7 13. Be3 0-0 14. Bxg5 Qxe5 15. Bh6 Qxb2 16. Qg5 Re8 17. Nh3 Nc5 18. Qxg7+ Qxg7 19. Bxg7 Kxg7 20. Nf4 d4 21. Kd2 Re3 22. g4 Na6 23. Nd3 c5 24. Bg2 b5 25. c3 f5 26. cxd4 cxd4 27. Rc1 Bd7 28. Ra1 Bc8 29. gxf5 Kf6 30. b4 Nc7 31. Rc1 Re7 32. Rc5 Bxf5 33. Nf4 h6 34. Rxc7 1-0

[Event "Barcelona CC Amateurs April"]
[Site "Barcelona"]
[Date "2021.05.08"]
[Round "3"]
[White "Gallego Montes, Antonio"]
[Black "Gisbert Mir, Alejandro"]
[Result "0-1"]
[WhiteElo "1778"]
[BlackElo "1792"]
[PlyCount "82"]
[EventDate "2021.04.24"]
[EventType "tourn"]
[EventRounds "9"]
[EventCountry "ESP"]
[SourceTitle "EXT 2022"]
[Source "ChessBase"]
[SourceDate "2021.10.06"]
[SourceVersion "1"]
[SourceVersionDate "2021.10.06"]
[SourceQuality "1"]

1. e4 e5 2. Nc3 Nf6 3. g3 Bc5 4. Bg2 Nc6 5. Nge2 Nd4 6. d3 d6 7. h3 Bd7 8. 0-0 h5 9. Bg5 Ne6 10. Be3 Bxe3 11. fxe3 Ng5 12. Kh2 h4 13. g4 Bxg4 14. Rxf6 Bxe2 15. Qxe2 Qxf6 16. Nd5 Qd8 17. Qg4 f6 18. Qf5 Rh6 19. d4 c6 20. Nc3 Qd7 21. Qf1 0-0-0 22. b4 exd4 23. exd4 Qe6 24. b5 c5 25. b6 a6 26. Re1 Kb8 27. Qf5 Re8 28. Qxe6 Rxe6 29. dxc5 dxc5 30. Rd1 Rxb6 31. Rd8+ Ka7 32. Rd7 Ne6 33. Nd5 Rb2 34. Re7 Nd4 35. Rxg7 Rxc2 36. Ne3 Nf3+ 37. Kh1 Rc1+ 38. Nf1 Nd2 39. e5 Rxf1+ 40. Bxf1 Nxf1 41. e6 Ng3+ 0-1

[Event "Hospitalet de Llobregat op 4th"]
[Site "Hospitalet de Llobregat"]
[Date "2019.05.11"]
[Round "5"]
[White "Gisbert Mir, Alejandro"]
[Black "Ruiz Manchon, Francesco Xavier"]
[Result "0-1"]
[WhiteElo "1827"]
[BlackElo "2147"]
[PlyCount "80"]
[EventDate "2019.04.06"]
[EventType "swiss"]
[EventRounds "9"]
[EventCountry "ESP"]
[SourceTitle "CBM 190 Extra"]
[Source "ChessBase"]
[SourceDate "2019.07.15"]
[SourceVersion "1"]
[SourceVersionDate "2019.07.15"]
[SourceQuality "1"]

1. d4 Nf6 2. c4 c5 3. d5 e6 4. Nc3 exd5 5. cxd5 d6 6. e4 g6 7. f4 Bg7 8. Bb5+ Nfd7 9. Nf3 0-0 10. 0-0 a6 11. Bd3 b5 12. Kh1 Re8 13. a3 Nf6 14. Re1 Bg4 15. h3 Bxf3 16. Qxf3 Nbd7 17. Be3 Qc7 18. Bg1 Nb6 19. Rad1 Nfd7 20. Rd2 Rab8 21. g4 Na4 22. Bc2 Nxb2 23. Bb3 Nc4 24. Bxc4 bxc4 25. e5 Rb3 26. Re3 dxe5 27. d6 Qb8 28. Qc6 exf4 29. Rxe8+ Qxe8 30. Re2 Qd8 31. Re7 Rxc3 32. Qxd7 Qxd7 33. Rxd7 Rxh3+ 34. Kg2 Rg3+ 35. Kf1 Bf6 36. Bxc5 c3 37. Re7 c2 38. Re8+ Kg7 39. Re1 Rc3 40. Bd4 Bxd4 0-1

[Event "Mataro Vinas Memorial 12th"]
[Site "Mataro"]
[Date "2016.04.23"]
[Round "3"]
[White "Gisbert Mir, Alejandro"]
[Black "Moravich Casais, Juan Santiago"]
[Result "0-1"]
[WhiteElo "1723"]
[BlackElo "1961"]
[PlyCount "48"]
[EventDate "2016.04.09"]
[EventType "swiss"]
[EventRounds "9"]
[EventCountry "ESP"]
[SourceTitle "EXT 2017"]
[Source "ChessBase"]
[SourceDate "2016.10.25"]
[SourceVersion "1"]
[SourceVersionDate "2016.10.25"]
[SourceQuality "1"]

1. d4 Nf6 2. c4 d6 3. Nc3 e5 4. d5 Be7 5. e4 a5 6. Bd3 Na6 7. Nge2 Nd7 8. 0-0 Bg5 9. f4 exf4 10. Bxf4 Bxf4 11. Rxf4 Ne5 12. Bc2 Nxc4 13. Ba4+ Bd7 14. Nd4 Nc5 15. Nf5 g6 16. Ng7+ Kf8 17. Qd4 Ne5 18. Raf1 Kg8 19. Bxd7 Qxd7 20. Ne6 fxe6 21. dxe6 Nxe6 22. Nd5 Nxd4 23. Nf6+ Kg7 24. Nxd7 Ne2+ 0-1

[Event "Barcelona Catalunya op 26th"]
[Site "Barcelona"]
[Date "2014.09.27"]
[Round "1"]
[White "Garcia Extremera, Manuel"]
[Black "Gisbert Mir, Alejandro"]
[Result "0-1"]
[WhiteElo "1759"]
[BlackElo "1984"]
[PlyCount "98"]
[EventDate "2014.09.27"]
[EventType "swiss"]
[EventRounds "9"]
[EventCountry "ESP"]
[SourceTitle "EXT 2017"]
[Source "ChessBase"]
[SourceDate "2016.10.25"]
[SourceVersion "1"]
[SourceVersionDate "2016.10.25"]
[SourceQuality "1"]

1. e4 e5 2. Nf3 Nc6 3. Bb5 a6 4. Ba4 Nf6 5. d3 b5 6. Bb3 Be7 7. Bd2 0-0 8. a3 d6 9. 0-0 Be6 10. Bxe6 fxe6 11. b4 d5 12. Ng5 Qd7 13. Nc3 h6 14. Nh3 Rad8 15. f3 Nd4 16. Rc1 c5 17. Ne2 Nc6 18. Qe1 cxb4 19. axb4 dxe4 20. fxe4 Nxe4 21. Rxf8+ Bxf8 22. Ng3 Nxd2 23. Qxd2 Bxb4 24. Qe3 Qd4 25. Qxd4 exd4 26. Ne4 e5 27. Nhf2 Rf8 28. c3 dxc3 29. Nxc3 Nd4 30. Kf1 Rc8 31. Nfe4 Bxc3 32. Rxc3 Rxc3 33. Nxc3 b4 34. Na4 Kf7 35. Ke1 Ke6 36. Kd2 Kf5 37. Ke3 g5 38. h3 h5 39. g3 a5 40. Nb2 b3 41. Na4 Nb5 42. Kd2 e4 43. dxe4+ Kxe4 44. Nc5+ Kf3 45. h4 g4 46. Nxb3 a4 47. Nc1 Kxg3 48. Ke3 Kxh4 49. Kf2 a3 0-1

[Event "Barcelona Sant Marti op-A 16th"]
[Site "Barcelona"]
[Date "2014.07.16"]
[Round "4"]
[White "Castrillo Mansego, Pablo"]
[Black "Gisbert Mir, Alejandro"]
[Result "1-0"]
[WhiteElo "2013"]
[BlackElo "1804"]
[PlyCount "51"]
[EventDate "2014.07.13"]
[EventType "swiss"]
[EventRounds "9"]
[EventCountry "ESP"]
[SourceTitle "CBM 161 Extra"]
[Source "ChessBase"]
[SourceDate "2014.08.29"]
[SourceVersion "1"]
[SourceVersionDate "2014.08.29"]
[SourceQuality "1"]

1. e4 e5 2. Nf3 Nc6 3. Nc3 Nf6 4. d4 exd4 5. Nxd4 Bb4 6. Nxc6 bxc6 7. Bd3 d5 8. exd5 cxd5 9. 0-0 0-0 10. Bg5 c6 11. Qf3 Be7 12. h3 Rb8 13. b3 Re8 14. a3 Be6 15. Ne2 h6 16. Bf4 Bd6 17. Nd4 Bxf4 18. Qxf4 Qd7 19. Rad1 c5 20. Nf3 Rbd8 21. a4 Qd6 22. Qh4 d4 23. Nd2 Bd5 24. Rfe1 Qc6 25. Rxe8+ Rxe8 26. Bb5 1-0

[Event "Barcelona Sant Marti op-A 16th"]
[Site "Barcelona"]
[Date "2014.07.14"]
[Round "2"]
[White "Monedero Gonzalez, Josep"]
[Black "Gisbert Mir, Alejandro"]
[Result "1/2-1/2"]
[WhiteElo "2071"]
[BlackElo "1804"]
[PlyCount "65"]
[EventDate "2014.07.13"]
[EventType "swiss"]
[EventRounds "9"]
[EventCountry "ESP"]
[SourceTitle "CBM 161 Extra"]
[Source "ChessBase"]
[SourceDate "2014.08.29"]
[SourceVersion "1"]
[SourceVersionDate "2014.08.29"]
[SourceQuality "1"]

1. d4 Nf6 2. c4 e6 3. Nc3 Bb4 4. e3 0-0 5. Bd3 d5 6. Qc2 c5 7. dxc5 dxc4 8. Bxc4 Nc6 9. Nf3 Qa5 10. 0-0 Bxc3 11. Qxc3 Qxc5 12. Be2 Qxc3 13. bxc3 e5 14. Ba3 Rd8 15. Rab1 Ne4 16. Rfc1 f6 17. Bc4+ Kh8 18. h3 b6 19. Rb2 Na5 20. Bf7 Bb7 21. Be6 Bd5 22. Bxd5 Rxd5 23. c4 Rd3 24. Bb4 Nc6 25. Be1 Rad8 26. Kf1 Nc5 27. Rbb1 e4 28. Ng1 R3d7 29. Ne2 Nd3 30. Rc3 Kg8 31. Ng3 Nc5 32. Rc2 Ne5 33. Bb4 1/2-1/2

[Event "Barcelona Sant Marti op-A 16th"]
[Site "Barcelona"]
[Date "2014.07.13"]
[Round "1"]
[White "Gisbert Mir, Alejandro"]
[Black "Oms Fuentes, Lluis"]
[Result "0-1"]
[WhiteElo "1804"]
[BlackElo "2293"]
[PlyCount "34"]
[EventDate "2014.07.13"]
[EventType "swiss"]
[EventRounds "9"]
[EventCountry "ESP"]
[SourceTitle "CBM 161 Extra"]
[Source "ChessBase"]
[SourceDate "2014.08.29"]
[SourceVersion "1"]
[SourceVersionDate "2014.08.29"]
[SourceQuality "1"]

1. d4 f5 2. Nc3 Nf6 3. Bf4 e6 4. e3 Bb4 5. a3 Bxc3+ 6. bxc3 b6 7. Nf3 Bb7 8. Bd3 d6 9. c4 Nbd7 10. 0-0 Qe7 11. Bg5 0-0 12. Rb1 h6 13. Bxf6 Qxf6 14. Nd2 e5 15. c3 Rae8 16. Qa4 Qg5 17. f3 Qxe3+ 0-1

[Event "Barcelona Chavarria Memorial 2nd"]
[Site "Barcelona"]
[Date "2013.10.16"]
[Round "1"]
[White "Hernando Rodrigo, Julio Antonio"]
[Black "Gisbert Mir, Alejandro"]
[Result "1-0"]
[WhiteElo "2379"]
[BlackElo "1837"]
[PlyCount "44"]
[EventDate "2013.10.16"]
[EventType "swiss"]
[EventRounds "9"]
[EventCountry "ESP"]
[SourceTitle "EXT 2015"]
[Source "ChessBase"]
[SourceDate "2014.11.20"]
[SourceVersion "1"]
[SourceVersionDate "2014.11.20"]
[SourceQuality "1"]

1. d4 Nf6 2. c4 e6 3. Nf3 b6 4. g3 Ba6 5. Qa4 c5 6. Bg2 Bb7 7. 0-0 cxd4 8. Nxd4 Bxg2 9. Kxg2 Qc8 10. Nc3 Nc6 11. Nf3 Na5 12. Bf4 a6 13. Ne5 Nc6 14. Nxc6 Qxc6+ 15. Qxc6 dxc6 16. Rfd1 Be7 17. Na4 b5 18. Nb6 Ra7 19. cxb5 cxb5 20. Rac1 0-0 21. Nc8 Rb7 22. Nxe7+ Rxe7 1-0

[Event "Barcelona Sant Marti op-B 15th"]
[Site "Barcelona"]
[Date "2013.07.15"]
[Round "3"]
[White "Gisbert Mir, Alejandro"]
[Black "Subirana Santos, Marc"]
[Result "1-0"]
[WhiteElo "1852"]
[BlackElo "1759"]
[PlyCount "69"]
[EventDate "2013.07.13"]
[EventType "swiss"]
[EventRounds "9"]
[EventCountry "ESP"]
[SourceTitle "CBM 155 Extra"]
[Source "ChessBase"]
[SourceDate "2013.08.26"]
[SourceVersion "1"]
[SourceVersionDate "2013.08.26"]
[SourceQuality "1"]

1. d4 Nf6 2. c4 g6 3. Nc3 Bg7 4. e4 d6 5. f3 0-0 6. Be3 Nc6 7. Qd2 a6 8. a4 e5 9. d5 Ne7 10. Bd3 Nd7 11. Nge2 f5 12. exf5 gxf5 13. 0-0 f4 14. Bf2 Nf6 15. Ne4 Nxe4 16. Bxe4 Qe8 17. Nc3 Qh5 18. g4 Qh3 19. Be1 Bd7 20. Qg2 Qxg2+ 21. Kxg2 Kh8 22. h4 Rab8 23. Bd3 c6 24. Bf2 Nc8 25. a5 c5 26. Ne4 b6 27. axb6 Rxb6 28. Rfb1 Ne7 29. b4 Rfb8 30. bxc5 Rb3 31. cxd6 Rxb1 32. Rxb1 Rxb1 33. Bxb1 Nc8 34. c5 Bb5 35. c6 1-0

[Event "Barcelona Sant Marti op-B 15th"]
[Site "Barcelona"]
[Date "2013.07.14"]
[Round "2"]
[White "Romero Gamez, Francisco Javier"]
[Black "Gisbert Mir, Alejandro"]
[Result "1/2-1/2"]
[WhiteElo "1683"]
[BlackElo "1852"]
[PlyCount "59"]
[EventDate "2013.07.13"]
[EventType "swiss"]
[EventRounds "9"]
[EventCountry "ESP"]
[SourceTitle "CBM 155 Extra"]
[Source "ChessBase"]
[SourceDate "2013.08.26"]
[SourceVersion "1"]
[SourceVersionDate "2013.08.26"]
[SourceQuality "1"]

1. e4 c5 2. Nf3 d6 3. d4 cxd4 4. Nxd4 Nf6 5. Nc3 a6 6. Bg5 e6 7. f4 Qc7 8. Qf3 b5 9. 0-0-0 Bb7 10. Bxf6 gxf6 11. Qh5 Qc5 12. Qxc5 dxc5 13. Nb3 Bh6 14. Nxc5 Bxf4+ 15. Kb1 Bc6 16. Nd3 Bc7 17. Be2 Ba5 18. Bf3 Bxc3 19. bxc3 Nd7 20. Nb4 Bb7 21. Rhe1 a5 22. Nd3 Rc8 23. Kb2 Ke7 24. Nf2 Nc5 25. Re3 Rhd8 26. Rxd8 Rxd8 27. Nd3 Na4+ 28. Kb3 Rc8 29. Nf2 Nc5+ 30. Kb2 1/2-1/2

[Event "Barcelona Sant Marti op-B 14th"]
[Site "Barcelona"]
[Date "2012.07.16"]
[Round "4"]
[White "Santolaria Pena, Manel"]
[Black "Gisbert Mir, Alejandro"]
[Result "0-1"]
[WhiteElo "1931"]
[BlackElo "1788"]
[PlyCount "98"]
[EventDate "2012.07.13"]
[EventType "swiss"]
[EventRounds "9"]
[EventCountry "ESP"]
[SourceTitle "CBM 149 Extra"]
[Source "ChessBase"]
[SourceDate "2012.08.24"]
[SourceVersion "1"]
[SourceVersionDate "2012.08.24"]
[SourceQuality "1"]

1. d4 Nf6 2. Nf3 e6 3. e3 c5 4. c3 Be7 5. Bd3 d5 6. Nbd2 0-0 7. 0-0 Nc6 8. Qe2 Qc7 9. dxc5 Bxc5 10. e4 Bd6 11. Re1 Ng4 12. h3 Nge5 13. Bc2 b6 14. exd5 exd5 15. Ba4 Bf5 16. Qb5 Be6 17. Ng5 h6 18. Nxe6 fxe6 19. Nf1 Bc5 20. Be3 Bxe3 21. Nxe3 a6 22. Qe2 b5 23. Bc2 Rf6 24. Ng4 Nxg4 25. hxg4 Qb6 26. Kf1 Raf8 27. f3 e5 28. Qd3 Qc5 29. Bb3 Rd8 30. Rad1 Rfd6 31. Qe2 Kh8 32. Bc2 e4 33. f4 Qc4 34. Qxc4 bxc4 35. Rd2 Kg8 36. Kf2 Rf6 37. Rxe4 dxe4 38. Rxd8+ Nxd8 39. Bxe4 Rxf4+ 40. Ke3 Rxg4 41. Bd5+ Kf8 42. Kf3 h5 43. b3 cxb3 44. axb3 Ke7 45. Ke3 a5 46. Bf3 Rg5 47. Kd4 Kd6 48. c4 Ne6+ 49. Kc3 Rg3 0-1

[Event "Barcelona Sant Marti op-B 14th"]
[Site "Barcelona"]
[Date "2012.07.15"]
[Round "3"]
[White "Gisbert Mir, Alejandro"]
[Black "Cuxart Taltavull, Albert"]
[Result "1-0"]
[WhiteElo "1788"]
[BlackElo "1872"]
[PlyCount "105"]
[EventDate "2012.07.13"]
[EventType "swiss"]
[EventRounds "9"]
[EventCountry "ESP"]
[SourceTitle "CBM 149 Extra"]
[Source "ChessBase"]
[SourceDate "2012.08.24"]
[SourceVersion "1"]
[SourceVersionDate "2012.08.24"]
[SourceQuality "1"]

1. d4 d5 2. c4 c6 3. Nf3 Nf6 4. Nc3 Bf5 5. Qb3 Qb6 6. Qxb6 axb6 7. cxd5 cxd5 8. Bf4 e6 9. e3 Bb4 10. Bb5+ Ke7 11. 0-0 Nc6 12. Nh4 Bg6 13. Nxg6+ hxg6 14. Be2 Kd7 15. h3 Rhc8 16. Nb5 Ne4 17. f3 Nd6 18. Rfc1 Nxb5 19. Bxb5 Kd8 20. a3 Bf8 21. Rc3 Na7 22. Bd3 Rxc3 23. bxc3 Nc8 24. a4 Bd6 25. Bg5+ Kc7 26. e4 dxe4 27. fxe4 Ra5 28. e5 Be7 29. Bd2 Kd8 30. Bb5 Ra8 31. c4 Na7 32. Bc3 Nxb5 33. axb5 Rxa1+ 34. Bxa1 Bb4 35. Kf2 Ke7 36. Ke3 f6 37. Bb2 Kf7 38. Ke4 Bd2 39. Ba3 f5+ 40. Kd3 Ba5 41. Bd6 Ke8 42. d5 exd5 43. cxd5 g5 44. e6 g6 45. Ba3 Be1 46. Kd4 Bg3 47. d6 Bh2 48. Kd5 Bg3 49. Bb2 g4 50. hxg4 Bh4 51. gxf5 gxf5 52. Bd4 f4 53. Bxb6 1-0

[Event "Barcelona Sant Marti op-B 14th"]
[Site "Barcelona"]
[Date "2012.07.14"]
[Round "2"]
[White "Gisbert Mir, Alejandro"]
[Black "Corominas Garrido, Jordi"]
[Result "1-0"]
[WhiteElo "1788"]
[BlackElo "1933"]
[PlyCount "105"]
[EventDate "2012.07.13"]
[EventType "swiss"]
[EventRounds "9"]
[EventCountry "ESP"]
[SourceTitle "CBM 149 Extra"]
[Source "ChessBase"]
[SourceDate "2012.08.24"]
[SourceVersion "1"]
[SourceVersionDate "2012.08.24"]
[SourceQuality "1"]

1. d4 e6 2. c4 f5 3. g3 Nf6 4. Bg2 d5 5. Nf3 c6 6. 0-0 Bd6 7. b3 Qe7 8. Ne5 0-0 9. Bb2 b6 10. cxd5 exd5 11. Qc2 c5 12. Nc4 Ne4 13. Nxd6 Qxd6 14. f3 Ng5 15. dxc5 bxc5 16. f4 Ne4 17. Nc3 Bb7 18. Rfd1 Qb6 19. Na4 Qc7 20. Bxe4 dxe4 21. Qxc5 Qxc5+ 22. Nxc5 Ba6 23. Nxa6 Nxa6 24. Rd7 Rf7 25. Rad1 Raf8 26. Rxf7 Rxf7 27. Rd8+ Rf8 28. Rxf8+ Kxf8 29. Bd4 Kf7 30. Bxa7 Ke6 31. Kf2 Kd5 32. a3 Nc7 33. a4 Na6 34. e3 h5 35. h3 g6 36. Bd4 Nb4 37. Ke2 Nd3 38. Kd2 Nf2 39. h4 Nd3 40. Kc3 Nc1 41. Kb4 Ne2 42. Bc5 Nc1 43. Bb6 Kc6 44. a5 Nd3+ 45. Kc4 Nb2+ 46. Kd4 Nd3 47. Bd8 Kb5 48. Kd5 Nc1 49. Ke6 Ne2 50. Kf6 Nxg3 51. Kxg6 Ka6 52. b4 Kb5 53. Bf6 1-0

[Event "Barcelona Ateneu Colon op 7th"]
[Site "Barcelona"]
[Date "2012.03.14"]
[Round "1"]
[White "Capellades Subirana, Marc"]
[Black "Gisbert Mir, Alejandro"]
[Result "1-0"]
[WhiteElo "2266"]
[BlackElo "1794"]
[PlyCount "53"]
[EventDate "2012.03.14"]
[EventType "swiss"]
[EventRounds "9"]
[EventCountry "ESP"]
[SourceTitle "EXT 2013"]
[Source "ChessBase"]
[SourceDate "2012.11.22"]
[SourceVersion "1"]
[SourceVersionDate "2012.11.22"]
[SourceQuality "1"]

1. e4 c5 2. Nf3 d6 3. d4 cxd4 4. Nxd4 Nf6 5. Nc3 a6 6. Be2 e6 7. 0-0 Be7 8. f4 0-0 9. Kh1 Qc7 10. Qe1 Nc6 11. Nxc6 bxc6 12. Bd3 e5 13. Ne2 d5 14. fxe5 Nxe4 15. Bxe4 dxe4 16. Bf4 Bb7 17. Nd4 c5 18. Nf5 Qd7 19. Bh6 g6 20. Qc3 Qe6 21. Nxe7+ Qxe7 22. Bxf8 Rxf8 23. Rf6 Rd8 24. Raf1 Rd4 25. Qg3 Bd5 26. Qg5 e3 27. Rxg6+ 1-0

[Event "London Classic op"]
[Site "London"]
[Date "2011.12.09"]
[Round "7"]
[White "Millward, Kevin P"]
[Black "Gisbert Mir, Alejandro"]
[Result "1-0"]
[WhiteElo "1971"]
[BlackElo "1793"]
[PlyCount "95"]
[EventDate "2011.12.03"]
[EventType "swiss"]
[EventRounds "9"]
[EventCountry "ENG"]
[SourceTitle "CBM 145 Extra"]
[Source "ChessBase"]
[SourceDate "2012.01.03"]
[SourceVersion "1"]
[SourceVersionDate "2012.01.03"]
[SourceQuality "1"]

1. e4 e5 2. Nf3 Nc6 3. d4 exd4 4. Nxd4 Bc5 5. Nxc6 Qf6 6. Qf3 dxc6 7. Bc4 Be6 8. Nd2 0-0-0 9. Qxf6 Nxf6 10. Bxe6+ fxe6 11. f3 Rhf8 12. Nb3 Bb6 13. a4 a6 14. Rf1 h6 15. Bd2 Rf7 16. 0-0-0 Rfd7 17. Rde1 g5 18. h4 Rg8 19. g4 gxh4 20. Rh1 Rg6 21. Ref1 Nxe4 22. fxe4 Rxg4 23. Rf8+ Rd8 24. Rxd8+ Kxd8 25. Bxh6 Rxe4 26. Bg5+ Ke8 27. Rxh4 Rxh4 28. Bxh4 Be3+ 29. Kd1 b5 30. a5 Kd7 31. Ke2 Ba7 32. Bg3 c5 33. Kf3 c4 34. Nd2 Bc5 35. c3 Be7 36. Ke4 c5 37. Bf4 Bd8 38. Nf3 Bf6 39. Ne5+ Bxe5 40. Kxe5 b4 41. Bd2 b3 42. Bg5 Kc6 43. Kxe6 Kb5 44. Kd5 Kxa5 45. Kxc5 Ka4 46. Kxc4 a5 47. Kd5 Kb5 48. c4+ 1-0